[Event "Baku Open 2023"]
[Site "Baku AZE"]
[Date "2023.05.11"]
[Round "8.6"]
[White "Kovalev, Vladislav"]
[Black "Petrov, Nikita"]
[Result "1-0"]
[WhiteTitle "GM"]
[BlackTitle "GM"]
[WhiteElo "2612"]
[BlackElo "2547"]
[WhiteFideId "13504398"]
[BlackFideId "4101286"]
[EventDate "2023.05.04"]

1. e4 c5 2. Nc3 Nc6 3. Bb5 Nd4 4. Nf3 a6 5. Bd3 g6 6. O-O Bg7 7. Rb1 Nc6 8. a3
b5 9. b4 d6 10. bxc5 dxc5 11. a4 b4 12. Nd5 Nf6 13. Bb2 O-O 14. Nxf6+ Bxf6 15.
e5 Bg7 16. h3 Be6 17. Qe2 Bd5 18. Nh2 a5 19. f4 Rc8 20. Ba6 Rc7 21. Ng4 Be6 22.
Bc4 Qd7 23. Bxe6 Qxe6 24. Ne3 Nd4 25. Qc4 Qxc4 26. Nxc4 Nxc2 27. Rfc1 Nd4 28.
Bxd4 cxd4 29. Nxa5 Rxc1+ 30. Rxc1 g5 31. Nb3 gxf4 32. Rc5 e6 33. Kf2 f6 34. exf6
Bxf6 35. a5 Ra8 36. Kf3 e5 37. Rc6 Kf7 38. a6 Rg8 39. a7 Ra8 40. Ra6 d3 41. Ke4
Bh4 42. Kxe5 Bf2 43. Nd4 b3 44. Nxb3 Bxa7 45. Kf5 Ke7 46. Ke4 Kd7 47. Kxd3 Kc7
48. Kc4 Rc8 49. Kd5 Bb6 50. Ra4 Rd8+ 51. Ke5 Rg8 52. Rxf4 Rxg2 53. Rf7+ Kc6 54.
Rxh7 Re2+ 55. Kf4 Kd5 56. Kf3 Rf2+ 57. Kg3 Rf1 58. Rh6 Bc7+ 59. Kg2 Rb1 60. Rh5+
Be5 61. Nc5 Kd4 62. Ne6+ Ke4 63. d3+ Kd5 64. d4 Re1 65. Ng5 Bxd4 66. Nf3+ Re5
67. Nxe5 Bxe5 68. Kf3 Ke6 69. Kg4 Bf6 70. Rh6 Ke5 71. h4 Ke6 72. h5 Ke5 73. Rg6
Ke6 74. h6 1-0

[Event "Baku Open 2023"]
[Site "Baku AZE"]
[Date "2023.05.11"]
[Round "8.7"]
[White "Niemann, Hans Moke"]
[Black "Prraneeth, Vuppala"]
[Result "0-1"]
[WhiteTitle "GM"]
[BlackTitle "IM"]
[WhiteElo "2706"]
[BlackElo "2437"]
[WhiteFideId "2093596"]
[BlackFideId "46622373"]
[EventDate "2023.05.04"]

1. d4 Nf6 2. Nf3 d5 3. Bf4 e6 4. e3 Bd6 5. Ne5 O-O 6. Nd2 c5 7. c3 Qc7 8. Bd3 b6
9. h4 Ba6 10. Bxa6 Nxa6 11. h5 h6 12. Qf3 cxd4 13. exd4 Nc5 14. O-O Nce4 15.
Nxe4 Nxe4 16. Rfe1 b5 17. Rac1 a5 18. Re3 Rac8 19. Qg4 Kh7 20. Rce1 b4 21. Rh3
bxc3 22. bxc3 Rb8 23. c4 Nf6 24. Qh4 dxc4 25. Bxh6 gxh6 26. Qxf6 Bxe5 27. Rxe5
Rg8 28. Rf3 c3 29. Qxf7+ Rg7 30. Qxe6 c2 31. Re1 c1=Q 32. Rxc1 Qxc1+ 33. Kh2 Qg5
34. Qe4+ Kh8 35. Rf5 Qg4 36. Qxg4 Rxg4 37. Rxa5 Rg5 38. Re5 Rf8 0-1

[Event "Baku Open 2023"]
[Site "Baku AZE"]
[Date "2023.05.11"]
[Round "8.8"]
[White "Gokerkan, Cem Kaan"]
[Black "Predke, Alexandr"]
[Result "1-0"]
[WhiteTitle "IM"]
[BlackTitle "GM"]
[WhiteElo "2489"]
[BlackElo "2685"]
[WhiteFideId "6336760"]
[BlackFideId "24107581"]
[EventDate "2023.05.04"]

1. e4 c5 2. Nf3 Nc6 3. d4 cxd4 4. Nxd4 e6 5. Nc3 d6 6. Be3 Nge7 7. Qd2 a6 8.
O-O-O b5 9. h4 Nxd4 10. Qxd4 Nc6 11. Qd2 Qa5 12. Kb1 b4 13. Ne2 e5 14. Nc1 Be6
15. g3 Be7 16. f4 f6 17. f5 Bf7 18. g4 Qc7 19. g5 Rd8 20. Qf2 Qb7 21. h5 fxg5
22. h6 gxh6 23. Rxh6 g4 24. Be2 Rg8 25. Rxh7 Bf6 26. Rh6 g3 27. Qf3 Bg5 28. Bxg5
Rxg5 29. Qe3 Rg8 30. Rg1 Nd4 31. Bd3 g2 32. Qf2 a5 33. Rxg2 Rxg2 34. Qxg2 Qe7
35. Ne2 Qf8 36. Qh1 Nxe2 37. Bb5+ Rd7 38. Rh8 Bg8 39. Qh5+ Kd8 40. Qg5+ Kc7 41.
Rxg8 Rh7 42. c3 Rh1+ 43. Kc2 1-0

[Event "Baku Open 2023"]
[Site "Baku AZE"]
[Date "2023.05.11"]
[Round "8.9"]
[White "Korobov, Anton"]
[Black "Ahmadzada, Ahmad"]
[Result "1/2-1/2"]
[WhiteTitle "GM"]
[BlackTitle "IM"]
[WhiteElo "2664"]
[BlackElo "2488"]
[WhiteFideId "14105730"]
[BlackFideId "13413007"]
[EventDate "2023.05.04"]

1. d4 Nf6 2. c4 e6 3. Nf3 c5 4. d5 d6 5. Nc3 exd5 6. cxd5 g6 7. Nd2 Nbd7 8. e4
Bg7 9. Be2 O-O 10. O-O Re8 11. a4 a6 12. h3 Rb8 13. Qc2 Ne5 14. f4 Ned7 15. Kh1
Qe7 16. a5 c4 17. Ra4 b5 18. axb6 Nxb6 19. Ra5 Qc7 20. Nf3 Nbd7 21. Ra4 Nb6 22.
Ra5 Nbd7 23. Ra3 Nc5 24. Nd2 Rb4 25. Bf3 h5 26. Na2 Rb8 27. Rc3 Qa5 28. Ra3 Qc7
29. Rc3 Qa5 1/2-1/2

[Event "Baku Open 2023"]
[Site "Baku AZE"]
[Date "2023.05.11"]
[Round "8.10"]
[White "Sanal, Vahap"]
[Black "Nogerbek, Kazybek"]
[Result "1/2-1/2"]
[WhiteTitle "GM"]
[BlackTitle "IM"]
[WhiteElo "2582"]
[BlackElo "2474"]
[WhiteFideId "6300545"]
[BlackFideId "13710427"]
[EventDate "2023.05.04"]

1. e4 e5 2. Nf3 Nc6 3. Bb5 a6 4. Ba4 Nf6 5. O-O Be7 6. d3 b5 7. Bb3 d6 8. c3 O-O
9. Re1 h6 10. Nbd2 Re8 11. a4 Rb8 12. axb5 axb5 13. Nf1 Bf8 14. Ng3 Be6 15. Bxe6
Rxe6 16. d4 d5 17. Nxe5 Nxe5 18. dxe5 Nxe4 19. Nxe4 dxe4 20. Qg4 Rxe5 21. Bxh6
b4 22. Bf4 Re6 23. Rad1 Qe7 24. h4 bxc3 25. bxc3 Qc5 26. Re3 f5 27. Qe2 Qe7 28.
Qc4 Qf7 29. Qxc7 Qxc7 30. Bxc7 Rb2 31. Rd5 Rc6 32. Be5 Rc5 33. Rxc5 Bxc5 34. Bd4
Bxd4 35. cxd4 Rd2 36. g4 g6 37. Kg2 Rxd4 38. Kg3 Kf7 39. g5 Ke6 1/2-1/2

[Event "Baku Open 2023"]
[Site "Baku AZE"]
[Date "2023.05.11"]
[Round "8.11"]
[White "Samadov, Read"]
[Black "Bernadskiy, Vitaliy"]
[Result "1-0"]
[WhiteTitle "IM"]
[BlackTitle "GM"]
[WhiteElo "2469"]
[BlackElo "2619"]
[WhiteFideId "13417444"]
[BlackFideId "14100371"]
[EventDate "2023.05.04"]

1. d4 Nf6 2. c4 c6 3. Nf3 d5 4. Nc3 e6 5. Bg5 h6 6. Bxf6 Qxf6 7. Qb3 Nd7 8. e4
dxe4 9. Nxe4 Qf5 10. Bd3 Qa5+ 11. Nc3 g6 12. O-O Bg7 13. Rfe1 O-O 14. Qc2 Qc7
15. Rad1 e5 16. d5 Nc5 17. b4 Nxd3 18. Qxd3 Bf5 19. Qe3 cxd5 20. Nxd5 Qxc4 21.
Nxe5 Qxa2 22. Ne7+ Kh7 23. Nxf5 gxf5 24. Qf3 Rae8 25. Nd7 Rxe1+ 26. Rxe1 Rd8 27.
Qxf5+ Kg8 28. g3 Qa6 29. Re7 Qg6 30. Qxg6 fxg6 31. Nc5 Rd1+ 32. Kg2 b6 33. Ne6
Bc3 34. Rxa7 Rd6 35. Rc7 Bf6 36. Nf4 g5 37. Nh5 Bd8 38. Rb7 Rd4 39. Ng7 Rxb4 40.
Nf5 Kf8 41. Nxh6 Rc4 42. Nf7 Bc7 43. Nxg5 Ke7 44. h4 Kd6 45. h5 1-0

[Event "Baku Open 2023"]
[Site "Baku AZE"]
[Date "2023.05.11"]
[Round "8.12"]
[White "Iskandarov, Misratdin"]
[Black "Petriashvili, Nikoloz"]
[Result "1-0"]
[WhiteTitle "GM"]
[BlackTitle "IM"]
[WhiteElo "2592"]
[BlackElo "2432"]
[WhiteFideId "13400312"]
[BlackFideId "13611216"]
[EventDate "2023.05.04"]

1. e4 e5 2. Nf3 Nc6 3. Bb5 a6 4. Ba4 Nf6 5. d3 Bc5 6. Bxc6 dxc6 7. O-O Qe7 8.
Nbd2 Bg4 9. Nc4 Nd7 10. Be3 Bd6 11. c3 O-O 12. h3 Bxf3 13. Qxf3 Bc5 14. d4 exd4
15. cxd4 Ba7 16. Rfe1 Nf6 17. Bg5 h6 18. Bh4 Qe6 19. Bxf6 Qxf6 20. Qxf6 gxf6 21.
Rad1 Rad8 22. d5 cxd5 23. exd5 Rfe8 24. Rxe8+ Rxe8 25. Kf1 Bc5 26. Rd3 b5 27.
Nd2 a5 28. Rb3 b4 29. Rf3 Kg7 30. b3 Ra8 31. Ne4 Be7 32. Ng3 Kg6 33. Nf5 Bd6 34.
Nh4+ Kg7 35. Ke2 Bf8 36. Kd3 a4 37. Nf5+ Kg6 38. Ne3 axb3 39. axb3 Ra1 40. Rg3+
Kh7 41. Ng4 Bg7 42. Rf3 Kg6 43. Kc4 h5 44. Ne3 Bf8 45. Kb5 Rc1 46. Rg3+ Kh7 47.
Nc4 h4 48. Rg4 f5 49. Rxh4+ Kg6 50. Rf4 Rd1 51. Kc6 Bh6 52. Ne5+ Kf6 53. Nd7+
Ke7 54. Rxb4 Rd2 55. g3 f4 56. Kxc7 f5 57. Nb6 f3 58. d6+ Ke6 59. d7 Bg5 60. Rc4
Rxf2 61. Rc6+ Kf7 62. h4 Be7 63. Rc3 Rf1 64. Nc4 f2 65. Rf3 Kg7 66. Rxf5 Rg1 67.
Rxf2 Rxg3 68. Re2 Bxh4 69. Re3 1-0

[Event "Baku Open 2023"]
[Site "Baku AZE"]
[Date "2023.05.11"]
[Round "8.13"]
[White "Chanda, Sandipan"]
[Black "Pantsulaia, Levan"]
[Result "1/2-1/2"]
[WhiteTitle "GM"]
[BlackTitle "GM"]
[WhiteElo "2460"]
[BlackElo "2597"]
[WhiteFideId "5004225"]
[BlackFideId "13602071"]
[EventDate "2023.05.04"]

1. d4 c5 2. d5 g6 3. e4 Bg7 4. h4 h5 5. Nf3 Nf6 6. Ng5 O-O 7. Be2 d6 8. O-O Na6
9. Nc3 Nc7 10. Bf4 b5 11. Nxb5 Nxb5 12. Bxb5 Rb8 13. Qd3 a6 14. Bxa6 Bxa6 15.
Qxa6 Rxb2 16. Rab1 Rxc2 17. Qa4 Rc3 18. Rb7 Rd3 19. Qa7 Re8 20. Rfb1 c4 21. Kf1
Bf8 22. f3 Qa8 23. Rc1 Ra3 24. Qxa8 Rexa8 25. Rc7 Rxa2 26. R7xc4 Nd7 27. R4c2
R2a3 28. Rc8 Nc5 29. Rxa8 Rxa8 30. Be3 Nd3 1/2-1/2

[Event "Baku Open 2023"]
[Site "Baku AZE"]
[Date "2023.05.11"]
[Round "8.14"]
[White "Guliyev, Namig"]
[Black "Salimova, Nurgyul"]
[Result "1/2-1/2"]
[WhiteTitle "GM"]
[BlackTitle "IM"]
[WhiteElo "2538"]
[BlackElo "2391"]
[WhiteFideId "13400363"]
[BlackFideId "2915138"]
[EventDate "2023.05.04"]

1. e4 e5 2. Nf3 Nc6 3. Bb5 a6 4. Ba4 Nf6 5. Qe2 b5 6. Bb3 Be7 7. O-O d6 8. c3
Na5 9. Bc2 c5 10. d4 cxd4 11. cxd4 Bg4 12. dxe5 dxe5 13. Nc3 O-O 14. h3 Bxf3 15.
Qxf3 Nc6 16. Rd1 Nd4 17. Qg3 Bd6 18. Qd3 Rc8 19. Bb1 h6 20. Be3 Bc5 21. a4 Nb3
22. Bxc5 Qxd3 23. Bxd3 Rxc5 24. Ra3 Nd4 25. axb5 axb5 26. Ra5 Rfc8 27. Kf1 b4
28. Rxc5 Rxc5 29. Ne2 Nb3 30. f3 Kf8 31. Kf2 Ke7 32. Ke3 Nd7 33. h4 h5 34. Ng3
g6 35. Nf1 Nb6 36. g4 Na4 37. gxh5 gxh5 38. Rb1 Nd4 39. Ng3 b3 40. Nxh5 Nc2+ 41.
Kd2 Nb4 42. f4 Rc8 43. Ke3 Rh8 44. Be2 Nc2+ 45. Kf2 exf4 46. Nxf4 Rxh4 47. Kg3
Rh8 48. Bc4 Nc5 49. Nd5+ Kd6 50. Nc3 Ke5 51. Bxf7 Rh7 52. Bd5 Rg7+ 53. Kh3 Nd3
54. Bxb3 Nf4+ 55. Kh2 Ne3 56. Nd5 Rh7+ 57. Kg1 Nh3+ 58. Kh2 Nf2+ 59. Kg1 Nh3+
60. Kh2 Ng5+ 61. Kg1 Nh3+ 1/2-1/2

[Event "Baku Open 2023"]
[Site "Baku AZE"]
[Date "2023.05.11"]
[Round "8.15"]
[White "Divya, Deshmukh"]
[Black "Samant, Aditya S"]
[Result "0-1"]
[WhiteTitle "WGM"]
[BlackTitle "IM"]
[WhiteElo "2372"]
[BlackElo "2496"]
[WhiteFideId "35006916"]
[BlackFideId "35080580"]
[EventDate "2023.05.04"]

1. e4 g6 2. d4 Bg7 3. Nf3 d6 4. Nc3 a6 5. a4 Nf6 6. Bf4 O-O 7. h3 c5 8. dxc5 Qa5
9. Nd2 Qxc5 10. Be3 Qb4 11. a5 Qxb2 12. Na4 Qe5 13. Nc4 Qxe4 14. Ncb6 Nc6 15.
Nxa8 Nd5 16. c3 Nxc3 17. Qd3 Qe5 18. Ra3 Nb5 19. f4 Qf6 20. Rb3 Qa1+ 21. Qb1
Qxa4 22. Bxb5 axb5 23. O-O Be6 24. Rxb5 Rxa8 25. Rxb7 Qxa5 26. Rc1 Qa3 27. Bd2
Bf5 28. Qb5 Nd4 29. Rb8+ Rxb8 30. Qxb8+ Bf8 31. Re1 Qd3 32. Qb2 Nc2 33. Rd1 Qe2 0-1

[Event "Baku Open 2023"]
[Site "Baku AZE"]
[Date "2023.05.11"]
[Round "8.16"]
[White "Ansat, Aldiyar"]
[Black "Samunenkov, Ihor"]
[Result "1-0"]
[WhiteTitle "IM"]
[BlackTitle "IM"]
[WhiteElo "2317"]
[BlackElo "2501"]
[WhiteFideId "13715658"]
[BlackFideId "14187086"]
[EventDate "2023.05.04"]

1. e4 c6 2. d4 d5 3. Nc3 dxe4 4. Nxe4 Bf5 5. Ng3 Bg6 6. h4 h6 7. Nf3 Nd7 8. h5
Bh7 9. Bd3 Bxd3 10. Qxd3 e6 11. Bd2 Ngf6 12. O-O-O Be7 13. Kb1 Qb6 14. c4 O-O
15. Ne4 c5 16. Bc3 Rfd8 17. Qe2 Nxe4 18. Qxe4 Bf6 19. Ne5 Qc7 20. f4 cxd4 21.
Rxd4 Nxe5 22. fxe5 Rxd4 23. Qxd4 Bg5 24. Qe4 Rd8 25. Bb4 Be7 26. Bxe7 Qxe7 27.
Rc1 Qb4 28. a3 Qb3 29. Qf4 Qd3+ 30. Ka1 Rd4 31. Qf2 Rxc4 32. Rxc4 Qxc4 33. Qxa7
Qc1+ 34. Ka2 Qc4+ 35. Ka1 Qf1+ 36. Ka2 Qxg2 37. a4 Qd5+ 38. Ka3 Kh7 39. Qb8 Qd3+
40. b3 Qf3 41. a5 g5 42. hxg6+ Kxg6 43. Qg8+ Kh5 44. Qg7 Qf4 45. b4 Kh4 46. Ka4
h5 47. Qg2 Qxe5 48. Qxb7 Qa1+ 49. Kb5 Qe5+ 50. Kc6 Qd5+ 51. Kc7 Qc4+ 52. Kd7 e5
53. a6 e4 54. a7 Qd4+ 55. Ke7 Qe5+ 56. Kxf7 Qf5+ 57. Ke8 Qg6+ 58. Qf7 Qc6+ 59.
Kf8 Qa8+ 60. Kg7 Kg4 61. Qd7+ Kg5 62. Qb5+ Kg4 63. Qb8 1-0

[Event "Baku Open 2023"]
[Site "Baku AZE"]
[Date "2023.05.11"]
[Round "8.17"]
[White "Urazayev, Arystanbek"]
[Black "Kushko, Dmitriy"]
[Result "0-1"]
[WhiteTitle "IM"]
[WhiteElo "2460"]
[BlackElo "2379"]
[WhiteFideId "13709810"]
[BlackFideId "14162261"]
[EventDate "2023.05.04"]

1. e4 c6 2. d4 d5 3. e5 Bf5 4. h4 h5 5. c4 e6 6. Nc3 dxc4 7. Bxc4 Nd7 8. Nge2
Be7 9. Ng3 Bg6 10. Nce4 Nh6 11. Bg5 Bxe4 12. Nxe4 Nf5 13. Bxe7 Qxe7 14. Qd2
O-O-O 15. Qc3 Kb8 16. O-O-O Nb6 17. Bb3 Nxh4 18. Nd6 g6 19. Bc2 Nf5 20. Bxf5
gxf5 21. Qf3 h4 22. g4 hxg3 23. Rxh8 Rxh8 24. Qxg3 Nc8 25. Qg7 Qf8 26. Qg3 Qe7
27. Qg7 Rf8 28. Nxc8 Rxc8 29. a3 Rd8 30. Rd2 a6 31. Qg3 Rd5 32. Qc3 c5 33. b4
cxb4 34. axb4 Qc7 35. Qxc7+ Kxc7 36. Kb2 Kb6 37. Kb3 Kb5 38. f4 Rd8 39. Rd1 b6
40. Rd2 Rd7 41. Rd1 a5 42. bxa5 bxa5 43. Kc3 a4 44. Rb1+ Kc6 45. Rb8 Ra7 46.
Rc8+ Kd7 47. Rf8 Ke7 0-1

[Event "Baku Open 2023"]
[Site "Baku AZE"]
[Date "2023.05.11"]
[Round "8.18"]
[White "Balajayeva, Khanim"]
[Black "Harsha, Bharathakoti"]
[Result "1-0"]
[WhiteTitle "WGM"]
[BlackTitle "GM"]
[WhiteElo "2327"]
[BlackElo "2608"]
[WhiteFideId "13406396"]
[BlackFideId "5078776"]
[EventDate "2023.05.04"]

1. e4 c5 2. c3 d5 3. exd5 Qxd5 4. d4 g6 5. Nf3 Bg7 6. Na3 Nh6 7. dxc5 Qxc5 8.
Be3 Qa5 9. Nb5 Bd7 10. Qd5 Nc6 11. Bxh6 Bxh6 12. Ne5 O-O 13. Nxd7 Rad8 14. Rd1
Nb8 15. b4 Qa6 16. Nxb8 1-0

[Event "Baku Open 2023"]
[Site "Baku AZE"]
[Date "2023.05.11"]
[Round "8.19"]
[White "Aliyev, Ravan"]
[Black "Romanov, Evgeny"]
[Result "1/2-1/2"]
[WhiteTitle "FM"]
[BlackTitle "GM"]
[WhiteElo "2280"]
[BlackElo "2578"]
[WhiteFideId "13409980"]
[BlackFideId "4148843"]
[EventDate "2023.05.04"]

1. Nf3 c5 2. g3 b6 3. Bg2 Bb7 4. O-O g6 5. d3 Bg7 6. e4 d6 7. Nc3 Nc6 8. Be3 Nd4
9. a4 a6 10. Rb1 e6 11. Bxd4 cxd4 12. Ne2 e5 13. c3 dxc3 14. bxc3 Rb8 15. Nd2
Ne7 16. d4 Qc7 17. Qb3 Bc6 18. f4 O-O 19. Qa3 exf4 20. Nxf4 b5 21. axb5 axb5 22.
Kh1 Ra8 23. Qb3 Ra4 24. Nd3 Bh6 25. Rf2 Bd7 26. Rbf1 Be6 27. Qxb5 Ra5 28. Qb1
Bxd2 29. Rxd2 Qxc3 30. Qb2 Qxb2 31. Nxb2 Rc8 32. d5 Bd7 33. h3 f5 34. Re1 fxe4
35. Rxe4 Rxd5 36. Rxd5 Nxd5 37. Nc4 Nc3 38. Rd4 Nb5 39. Rd2 Bc6 40. Nxd6 Bxg2+
41. Kxg2 Nxd6 1/2-1/2

[Event "Baku Open 2023"]
[Site "Baku AZE"]
[Date "2023.05.11"]
[Round "8.20"]
[White "Gadimbayli, Abdulla"]
[Black "Moksh, Amit Doshi"]
[Result "1-0"]
[WhiteTitle "GM"]
[BlackTitle "IM"]
[WhiteElo "2500"]
[BlackElo "2397"]
[WhiteFideId "13404938"]
[BlackFideId "25064967"]
[EventDate "2023.05.04"]

1. e4 e5 2. Nf3 Nc6 3. Bb5 a6 4. Ba4 Nf6 5. Nc3 Bc5 6. O-O O-O 7. d3 d6 8. Bxc6
bxc6 9. h3 Re8 10. Ne2 h6 11. Ng3 Be6 12. c3 Ba7 13. Re1 Rb8 14. Qc2 Qd7 15. d4
exd4 16. cxd4 a5 17. Be3 Rb7 18. b3 a4 19. bxa4 Ra8 20. a5 Rb5 21. Bd2 Rab8 22.
Bc3 Qc8 23. Rac1 Nd7 24. Bd2 R8b7 25. Qxc6 Nb8 26. Qc3 Bxa2 27. Nf5 Qf8 28. a6
R7b6 29. Qxc7 Rxa6 30. Bf4 Be6 31. Nxd6 Rbb6 32. Nc8 Rc6 33. Ne7+ 1-0

[Event "Baku Open 2023"]
[Site "Baku AZE"]
[Date "2023.05.11"]
[Round "8.21"]
[White "Abdisalimov, Abdimalik"]
[Black "Padmini, Rout"]
[Result "1/2-1/2"]
[WhiteTitle "IM"]
[BlackTitle "IM"]
[WhiteElo "2494"]
[BlackElo "2388"]
[WhiteFideId "14206323"]
[BlackFideId "5029295"]
[EventDate "2023.05.04"]

1. d4 Nf6 2. c4 c5 3. d5 b5 4. cxb5 a6 5. bxa6 e6 6. dxe6 fxe6 7. Nf3 d5 8. b3
Bxa6 9. Bb2 Bd6 10. g3 O-O 11. Bg2 Nc6 12. O-O Qe7 13. Re1 Rac8 14. Nbd2 e5 15.
e4 d4 16. Bf1 Bxf1 17. Rxf1 Ra8 18. Ne1 Ra7 19. Nd3 Rfa8 20. Qb1 Ra6 21. f3 Qa7
22. Nc4 Bc7 23. a4 Nd7 24. Ba3 Bd8 25. Qc2 Be7 26. Kg2 Qb8 27. Rfc1 Qe8 28. Nd2
Na5 29. Qa2 Qf7 30. Rc2 Rb6 31. Nxc5 Nxc5 32. Bxc5 Bxc5 33. Rxc5 Nxb3 34. Nxb3
Rxb3 35. Qf2 Rab8 36. Rac1 h6 37. R1c2 Rf8 38. Rxe5 Rxf3 39. Qxd4 Kh8 40. a5 Qb3
41. Rb2 Qa3 42. Kh3 Qa1 43. Qd2 Kh7 44. Reb5 Qf1+ 45. Qg2 Qc4 46. Qe2 Qe6+ 47.
Kg2 Rf2+ 48. Qxf2 Qxe4+ 49. Kg1 Rxf2 50. Kxf2 Qd4+ 51. Ke2 Qe4+ 52. Kd2 Qd4+ 53.
Kc2 Qc4+ 54. Kb1 Qd3+ 55. Ka2 Qc4+ 56. Ka3 Qc3+ 57. Ka4 Qc4+ 58. Ka3 Qc3+ 59.
Ka2 Qc4+ 60. R2b3 Qc2+ 61. Ka3 Qc1+ 62. Kb4 Qd2+ 63. Kc5 Qf2+ 64. Kc6 Qf6+ 65.
Kb7 Qe7+ 66. Ka6 Qe6+ 67. Ka7 Qe7+ 68. Rb7 Qc5+ 69. Ka6 Qc8 70. Rb5 Qa8+ 71. Kb6
Qd8+ 72. Ka7 Qd2 73. a6 Qxh2 74. Ka8 Qxg3 75. a7 Qd6 76. R5b6 Qd5 77. Rb4 Qc6
78. Kb8 Qd6+ 79. Kc8 Qf8+ 80. Kd7 Qf7+ 81. Kc6 Qe6+ 82. Kc5 Qe5+ 83. Kb6 Qd6+
84. Ka5 Qc5+ 85. Ka6 Qc6+ 86. R7b6 Qc8+ 87. Ka5 Qc5+ 88. Ka4 Qc2+ 89. Kb5 Qf5+
90. Kc6 Qc8+ 91. Kb5 Qf5+ 92. Ka6 Qc8+ 93. Rb7 Qc6+ 94. Ka5 Qc5+ 95. Ka4 Qc2+
96. Kb5 Qf5+ 97. Kb6 Qe6+ 98. Ka5 Qd5+ 99. R7b5 Qd8+ 100. Rb6 Qd5+ 101. Ka6 Qa2+
102. Kb7 Qf7+ 103. Ka8 Qd5+ 104. Rb7 Qc6 105. Rb6 Qd5 106. Rb5 Qc6 107. Kb8 Qe8+
108. Kc7 Qe7+ 109. Kc6 Qe6+ 110. Kc5 Qe5+ 111. Kc4 Qe4+ 112. Kb3 Qb1+ 113. Kc3
Qc1+ 114. Kd3 Qd1+ 115. Ke4 Qg4+ 116. Kd5 Qf5+ 117. Kd6 Qf6+ 118. Kc5 Qe5+ 119.
Kc4 Qe4+ 120. Kc3 Qe3+ 121. Kb2 Qd2+ 122. Ka3 Qc3+ 123. Ka4 Qa1+ 124. Kb4 Qb2+
125. Kc5 Qe5+ 126. Kb6 1/2-1/2

[Event "Baku Open 2023"]
[Site "Baku AZE"]
[Date "2023.05.11"]
[Round "8.22"]
[White "Suyarov, Mukhammadzokhid"]
[Black "Sadikhov, Ulvi"]
[Result "1-0"]
[WhiteTitle "FM"]
[BlackTitle "GM"]
[WhiteElo "2281"]
[BlackElo "2489"]
[WhiteFideId "14210495"]
[BlackFideId "13401416"]
[EventDate "2023.05.04"]

1. d4 c5 2. d5 g6 3. e4 Bg7 4. Nc3 d6 5. f4 Nf6 6. Bb5+ Nfd7 7. a4 Na6 8. Nf3
Nb4 9. Ne2 O-O 10. c3 Na6 11. O-O Nc7 12. Bd3 Rb8 13. Ng3 a6 14. a5 b5 15. axb6
Rxb6 16. f5 Ne5 17. Nxe5 Bxe5 18. Bh6 Bg7 19. Qd2 Ne8 20. fxg6 fxg6 21. Rxf8+
Kxf8 22. Rf1+ Nf6 23. h4 Kg8 24. h5 Qe8 25. Bxg7 Kxg7 26. h6+ Kg8 27. Bc4 Ng4
28. b4 Ne5 29. bxc5 dxc5 30. Ba2 Rf6 31. d6+ Kf8 32. Qd5 Rxf1+ 33. Nxf1 Nf7 34.
e5 exd6 35. e6 Nd8 36. Qxd6+ Qe7 37. Qb8 Bb7 38. Qe5 Ke8 39. Qh8+ Qf8 40. Qxh7
Bc6 41. Qxg6+ 1-0

[Event "Baku Open 2023"]
[Site "Baku AZE"]
[Date "2023.05.11"]
[Round "8.23"]
[White "Abdulla, Khayala"]
[Black "Raja, Rithvik R"]
[Result "0-1"]
[WhiteTitle "WGM"]
[BlackTitle "GM"]
[WhiteElo "2213"]
[BlackElo "2472"]
[WhiteFideId "13401807"]
[BlackFideId "35007394"]
[EventDate "2023.05.04"]

1. e4 c5 2. Nf3 d6 3. c3 Nf6 4. h3 g6 5. Bd3 Bg7 6. O-O O-O 7. Bc2 Nc6 8. d4 d5
9. e5 Ne4 10. Nbd2 Nxd2 11. Bxd2 Qb6 12. dxc5 Qxc5 13. b4 Qb6 14. Qe2 Bd7 15.
Bb3 e6 16. Rfe1 Rfc8 17. Rad1 Qc7 18. h4 Ne7 19. h5 a5 20. h6 Bf8 21. Nh2 Nf5
22. Ng4 Be7 23. bxa5 Qd8 24. Ne3 Nxe3 25. Qxe3 Bb5 26. Qg3 Bc4 27. Re3 Rxa5 28.
Qg4 Ra3 29. Rb1 b5 30. Rg3 Bxb3 31. axb3 Ra2 32. Qf4 Rca8 33. Rf3 Qe8 34. b4 Rc8
35. Rd3 Qd8 36. Rf3 Qf8 37. Rd1 Rc4 38. Qe3 Re4 39. Qd3 g5 40. Rg3 Qxh6 41. Rh3
Qg6 42. Qxb5 Rxd2 43. Rxd2 Re1+ 44. Kh2 g4 45. Qe8+ Bf8 46. Rdd3 Qf5 47. Rdg3 h5
48. f3 Qg5 49. b5 Kg7 50. f4 Qxf4 51. Rxh5 Re3 52. Rh3 Rxg3 53. Rxg3 Qh6+ 54.
Kg1 Bc5+ 55. Kf1 Qc1+ 56. Ke2 Qc2+ 0-1

[Event "Baku Open 2023"]
[Site "Baku AZE"]
[Date "2023.05.11"]
[Round "8.24"]
[White "Jubin, Jimmy"]
[Black "Mammadova, Gulnar"]
[Result "1-0"]
[WhiteTitle "IM"]
[BlackTitle "IM"]
[WhiteElo "2455"]
[BlackElo "2349"]
[WhiteFideId "46686614"]
[BlackFideId "13403508"]
[EventDate "2023.05.04"]

1. d4 Nf6 2. Nf3 d5 3. c4 e6 4. g3 Be7 5. Bg2 O-O 6. O-O dxc4 7. Qc2 a6 8. a4
Bd7 9. Qxc4 Bc6 10. Bg5 Nbd7 11. Nc3 a5 12. Rfd1 h6 13. Bxf6 Nxf6 14. Ne5 Bxg2
15. Kxg2 c6 16. Qb3 Rb8 17. Rac1 Bb4 18. Qc2 Qe7 19. Ne4 Nxe4 20. Qxe4 Bd6 21.
Nf3 Rfd8 22. Rc3 Bb4 23. Rcd3 Bd6 24. Rb3 Bb4 25. Re3 Qd7 26. Red3 Bd6 27. h4
Bc7 28. Rc3 Qd5 29. Qc2 Qd7 30. e4 Bd6 31. Rcd3 Qe7 32. Nd2 Bb4 33. Nc4 Rd7 34.
Qe2 Rbd8 35. Nb6 Rc7 36. b3 Rd6 37. Qf3 c5 38. d5 Qf6 39. Nc4 Qxf3+ 40. Kxf3 Ra6
41. d6 Rd7 42. h5 f6 43. Ke2 Kf7 44. f4 Rd8 45. e5 Ke8 46. f5 Kd7 47. Re3 Re8
48. exf6 gxf6 49. fxe6+ 1-0

[Event "Baku Open 2023"]
[Site "Baku AZE"]
[Date "2023.05.11"]
[Round "8.25"]
[White "Nigmatov, Ortik"]
[Black "Aradhya, Garg"]
[Result "1-0"]
[WhiteTitle "IM"]
[BlackTitle "FM"]
[WhiteElo "2473"]
[BlackElo "2305"]
[WhiteFideId "14202131"]
[BlackFideId "25006746"]
[EventDate "2023.05.04"]

1. e4 e5 2. Nf3 Nc6 3. Bc4 Bc5 4. d3 Nf6 5. Nc3 d6 6. Na4 a6 7. Nxc5 dxc5 8. a4
O-O 9. h3 Qd6 10. Be3 Nd4 11. a5 b5 12. axb6 cxb6 13. Nxd4 cxd4 14. Bd2 Be6 15.
Bxe6 Qxe6 16. O-O a5 17. f4 Nd7 18. fxe5 Nxe5 19. Ra4 Qd7 20. b3 Rfc8 21. Be1
Rc5 22. Bf2 Nc6 23. c4 f5 24. exf5 Rxf5 25. Ra2 Raf8 26. Re2 Qf7 27. Qd2 Ne5 28.
Rd1 Qg6 29. Kh1 Nc6 30. Rde1 Rf4 31. Bg1 Qg3 32. Re8 Rf6 33. Qe2 Qd6 34. Qe4
Rxe8 35. Qxe8+ Rf8 36. Re6 Rxe8 37. Rxd6 Rc8 38. Bxd4 Nxd4 39. Rxd4 b5 40. Rd5
bxc4 41. dxc4 a4 42. bxa4 Rxc4 43. a5 Ra4 44. Rb5 Kf7 45. Kg1 Ra2 46. h4 g6 47.
Kh2 h5 48. Rg5 Ra3 49. Kg1 Ra4 50. g3 Ra2 51. Kf1 Ke7 52. Ke1 Kd7 53. Kd1 Kc7
54. Kc1 Kd7 55. Kb1 Ra4 56. Kb2 Ke7 57. Kb3 Ra1 58. Kb4 Kf6 59. Kb5 Rb1+ 60. Kc6
Ra1 61. Kb6 Rb1+ 62. Rb5 Rg1 63. a6 Rxg3 64. a7 Ra3 65. Ra5 1-0